[Event "Bay of Quinte Fall op"]
[Site "Belleville CAN"]
[Date "1982.10.01"]
[Round "1"]
[White "Bond, James"]
[Black "Cohen, David"]
[Result "0-1"]
[WhiteElo "1263"]
[BlackElo "1681"]
[PlyCount "64"]
[GameId "2160767912811269"]
[EventDate "1982.10.01"]
[EventType "swiss"]
[EventRounds "5"]
[EventCountry "CAN"]

1. d4 a6 2. c4 d5 3. c5 Nf6 4. Bf4 e6 5. Nf3 b6 6. b4 Be7 7. a3 Bd7 8. Nbd2 Bb5 9. g3 Ne4 10. Nxe4 dxe4 11. Ng1 Bg5 12. a4 Bc4 13. Nh3 Bxf4 14. Nxf4 Nc6 15. Rc1 Bd5 16. Nxd5 Qxd5 17. Bg2 Nxb4 18. Rb1 a5 19. Qb3 Qxd4 20. Rd1 Qxc5 21. Bxe4 Nd5 22. Bxd5 exd5 23. Rxd5 Qb4+ 24. Qxb4 axb4 25. O-O O-O 26. Ra1 c5 27. Rd6 Rfb8 28. Rd5 b3 29. Rd2 c4 30. Rad1 g6 31. Ra1 c3 32. Rd3 b2 0-1

[Event "Bay of Quinte Fall op"]
[Site "Belleville CAN"]
[Date "1982.10.02"]
[Round "2"]
[White "Cohen, David"]
[Black "Blake, Rodney"]
[Result "1-0"]
[WhiteElo "1681"]
[BlackElo "1577"]
[PlyCount "129"]
[GameId "2160767912811270"]
[EventDate "1982.10.01"]
[EventType "swiss"]
[EventRounds "5"]
[EventCountry "CAN"]

1. g4 d5 2. Bg2 Bxg4 3. c4 c6 4. cxd5 cxd5 5. Qb3 e6 6. Qa4+ b5 7. Qxg4 Nf6 8. Qg3 Bc5 9. Nc3 a6 10. e3 O-O 11. Nge2 Ra7 12. b3 Rd7 13. Bb2 Nc6 14. Rc1 Nb4 15. O-O Nd3 16. Rc2 Nxb2 17. Rxb2 b4 18. Nb1 d4 19. Rc2 Bd6 20. Nf4 e5 21. Nd3 e4 22. Nf4 Nh5 23. Qg4 Nxf4 24. exf4 f5 25. Qg3 Qb8 26. Rfc1 Bxf4 27. Qh3 Rd6 28. Rc6 Rxc6 29. Rxc6 Rc8 30. Qxf5 Bxh2+ 31. Kh1 Rxc6 32. Qd5+ Kf8 33. Qxc6 Bd6 34. Bxe4 Qd8 35. Qa8 Qxa8 36. Bxa8 Bf4 37. Kg2 g5 38. Kf3 h5 39. Ke2 Ke7 40. d3 Kd6 41. Nd2 g4 42. Bb7 Bxd2 43. Kxd2 a5 44. Ke2 Ke5 45. Kf1 Kf4 46. Kg2 h4 47. Bc6 g3 48. Kf1 Kg4 49. Ke2 Kh3 50. fxg3 hxg3 51. Kf1 Kh2 52. Bd5 Kh3 53. Kg1 Kh4 54. Kg2 Kg4 55. Be4 Kf4 56. Kh3 g2 57. Kxg2 Ke3 58. Kg3 Kd2 59. Kf4 Kc2 60. Ke5 Kb2 61. Kxd4 Kxa2 62. Kc4 Ka3 63. d4 a4 64. bxa4 Kxa4 65. Kc5 1-0

[Event "Bay of Quinte Fall op"]
[Site "Belleville CAN"]
[Date "1982.10.02"]
[Round "3"]
[White "Zuk, Robert"]
[Black "Cohen, David"]
[Result "1-0"]
[WhiteElo "2309"]
[BlackElo "1681"]
[PlyCount "93"]
[GameId "2160767912811271"]
[EventDate "1982.10.01"]
[EventType "swiss"]
[EventRounds "5"]
[EventCountry "CAN"]

1. Nf3 Nf6 2. c4 g6 3. Nc3 Bg7 4. e4 d6 5. d4 O-O 6. Be2 c5 7. O-O cxd4 8. Nxd4 Nc6 9. Be3 Nxd4 10. Bxd4 b6 11. Rc1 Bb7 12. f3 Bc6 13. Qd2 Kh8 14. Rc2 e5 15. Be3 Ne8 16. Rd1 Bf6 17. Nd5 Bxd5 18. cxd5 Rc8 19. Rxc8 Qxc8 20. Rc1 Qd7 21. Rc6 Bg7 22. Qc2 f5 23. Rc8 Kg8 24. a4 Qe7 25. Bb5 fxe4 26. fxe4 Nf6 27. Rc7 Qd8 28. Bg5 h6 29. Bh4 g5 30. Be1 Nh5 31. g3 Qf6 32. Rxa7 Qf3 33. Qe2 g4 34. Qxf3 Rxf3 35. Ra8+ Kh7 36. Bd7 Nf6 37. Bf5+ Rxf5 38. exf5 Nxd5 39. Rd8 Ne3 40. Rxd6 Nc4 41. Rd7 Kg8 42. b3 Ne3 43. Bf2 Nxf5 44. Bxb6 Kh7 45. a5 Nd4 46. Bxd4 exd4 47. a6 1-0

[Event "Bay of Quinte Fall op"]
[Site "Belleville CAN"]
[Date "1982.10.03"]
[Round "4"]
[White "Cohen, David"]
[Black "Schaeffer, Jonathan"]
[Result "0-1"]
[WhiteElo "1681"]
[BlackElo "2101"]
[PlyCount "82"]
[GameId "2160767912811272"]
[EventDate "1982.10.01"]
[EventType "swiss"]
[EventRounds "5"]
[EventCountry "CAN"]

1. g4 d5 2. Bg2 e5 3. c4 c6 4. cxd5 cxd5 5. Qb3 Ne7 6. Nc3 d4 7. Nf3 Nec6 8. Ne4 Be7 9. d3 O-O 10. h3 Na6 11. Bg5 Bxg5 12. Nexg5 Qa5+ 13. Nd2 h6 14. Nxf7 Rxf7 15. Bd5 Nd8 16. Bxf7+ Nxf7 17. Kd1 Nc5 18. Qc2 Be6 19. Nc4 Qa6 20. Nxe5 Bb3 21. axb3 Qxa1+ 22. Kd2 Qa5+ 23. Kd1 Nxe5 24. f4 Qa1+ 25. Kd2 Qxh1 26. Qxc5 Nc6 27. Qh5 Qg1 28. Qd5+ Kh8 29. Qd6 Qe3+ 30. Kc2 Qxe2+ 31. Kb1 Qe1+ 32. Ka2 Nb4+ 33. Ka3 Nc2+ 34. Ka4 Qa1+ 35. Kb5 Qa6+ 36. Qxa6 bxa6+ 37. Kxa6 Rb8 38. b4 Rxb4 39. g5 hxg5 40. fxg5 Rxb2 41. Kxa7 Ne3 0-1

[Event "Bay of Quinte Fall op"]
[Site "Belleville CAN"]
[Date "1982.10.03"]
[Round "5"]
[White "Trahan, Angela"]
[Black "Cohen, David"]
[Result "0-1"]
[WhiteElo "832"]
[BlackElo "1681"]
[PlyCount "94"]
[GameId "2160767912811273"]
[EventDate "1982.10.01"]
[EventType "swiss"]
[EventRounds "5"]
[EventCountry "CAN"]

1. d4 a6 2. c4 d5 3. Nc3 Nf6 4. Nf3 dxc4 5. e3 b5 6. d5 Bf5 7. h3 Be4 8. Ne5 Bxd5 9. Be2 Bxg2 10. Qxd8+ Kxd8 11. Rg1 Bxh3 12. Nxf7+ Ke8 13. Nxh8 e6 14. Bd2 Ra7 15. Bf3 c6 16. e4 Bc5 17. e5 Nd5 18. Bh5+ Kf8 19. Ng6+ hxg6 20. Bxg6 Nd7 21. Rg5 Bf5 22. Ne4 Bxg6 23. Rxg6 Kf7 24. Rg4 Be7 25. Ke2 Nxe5 26. Rg2 Nd3 27. Rag1 N3f4+ 28. Kf3 Nxg2 29. Kxg2 Bb4 30. Ng5+ Kf6 31. Nh7+ Ke7 32. Bg5+ Kf7 33. Bh4 Bd2 34. Kh1 c3 35. Bg5 Bxg5 36. Nxg5+ Kf6 37. Ne4+ Ke5 38. Nxc3 Nxc3 39. Re1+ Kf5 40. bxc3 Rd7 41. a3 g5 42. Kg2 Rd3 43. Re3 Rxe3 44. fxe3 Ke4 45. Kf2 Kd3 46. Kf3 Kxc3 47. e4 Kd4 0-1

[Event "Bay of Quinte Spring op"]
[Site "Belleville CAN"]
[Date "1982.05.06"]
[Round "3"]
[White "Schaeffer, Jonathan"]
[Black "Day, Lawrence"]
[Result "0-1"]
[WhiteElo "2094"]
[BlackElo "2426"]
[PlyCount "88"]
[GameId "2160767912848574"]
[EventDate "1982.05.05"]
[EventType "swiss"]
[EventRounds "5"]
[EventCountry "CAN"]
[SourceTitle "CFC 1982.05"]

1. e4 g6 2. d4 Bg7 3. Nc3 c5 4. d5 d6 5. Nf3 Nf6 6. Be2 O-O 7. O-O Na6 8. Nd2 Nc7 9. a4 a6 10. Re1 Bd7 11. f4 b5 12. Bf3 Rb8 13. Nf1 Be8 14. Kh1 Nd7 15. Qe2 b4 16. Nd1 a5 17. Qf2 Nb6 18. Qh4 e6 19. Qxd8 Rxd8 20. dxe6 fxe6 21. Ra2 Bxa4 22. b3 Bc6 23. Rxa5 Ra8 24. Rxa8 Rxa8 25. Be3 e5 26. Nf2 Ra2 27. Nd3 Nd7 28. Rc1 Nb5 29. Bg4 exf4 30. Bxd7 Bxd7 31. Bxf4 Bf8 32. Ne3 Be6 33. Kg1 Nc3 34. Rf1 Nxe4 35. h3 Bg7 36. Kh2 h5 37. Nc1 Ra6 38. Rd1 g5 39. Bg3 Bd4 40. Nf1 h4 41. Be1 Ra1 42. Bd2 Be5+ 43. Kg1 Nxd2 44. Nxd2 Bb2 0-1

[Event "Belleville Fall op"]
[Site "Belleville CAN"]
[Date "1982.10.01"]
[Round "1"]
[White "Perras, Andrew"]
[Black "Veltmann, Martin"]
[Result "1-0"]
[WhiteElo "1897"]
[BlackElo "1891"]
[PlyCount "72"]
[GameId "2160767912811274"]
[EventDate "1982.10.01"]
[EventType "swiss"]
[EventRounds "5"]
[EventCountry "CAN"]

1. e4 e5 2. Nf3 Nc6 3. Bb5 a6 4. Ba4 Nf6 5. O-O Nxe4 6. d4 b5 7. Bb3 d5 8. dxe5 Be6 9. Bf4 Nc5 10. c3 Nxb3 11. axb3 Bc5 12. Nd4 Nxd4 13. cxd4 Bb6 14. Qd3 O-O 15. Rc1 Qh4 16. Be3 f5 17. f4 g5 18. g3 Qh3 19. Nd2 gxf4 20. Bxf4 a5 21. Rc6 Rae8 22. Nf3 h6 23. Qxb5 Qg4 24. Qd3 Rf7 25. Bxh6 f4 26. Ng5 Qf5 27. Rxe6 Rxe6 28. Qxf5 Bxd4+ 29. Kg2 Rxf5 30. Nxe6 f3+ 31. Kf1 Bxe5 32. Bf4 Bxb2 33. Rxa5 c6 34. Rc5 Rf7 35. Rxc6 Rg7 36. Nc5 Rh7 1-0

[Event "Belleville Fall op"]
[Site "Belleville CAN"]
[Date "1982.10.02"]
[Round "3"]
[White "Langer, Herb"]
[Black "Veltmann, Martin"]
[Result "0-1"]
[WhiteElo "1768"]
[BlackElo "1891"]
[PlyCount "62"]
[GameId "2160767912811275"]
[EventDate "1982.10.01"]
[EventType "swiss"]
[EventRounds "5"]
[EventCountry "CAN"]

1. d4 Nf6 2. c4 g6 3. Nc3 Bg7 4. Nf3 O-O 5. e4 d6 6. Bd3 e5 7. d5 Nbd7 8. O-O Nc5 9. Be3 Nxd3 10. Qxd3 Ng4 11. Nd2 Nxe3 12. Qxe3 f5 13. f3 Qh4 14. Qf2 Qe7 15. b4 f4 16. Nb3 g5 17. c5 h5 18. Nb5 a6 19. cxd6 cxd6 20. Na7 Bd7 21. a4 g4 22. b5 g3 23. hxg3 fxg3 24. Qb6 Qh4 25. Rfc1 Qh2+ 26. Kf1 Qh1+ 27. Ke2 Qxg2+ 28. Kd1 Rxf3 29. Nd2 Rd3 30. Ra2 Bg4+ 31. Kc2 Qxd2+ 0-1

[Event "Belleville Fall op"]
[Site "Belleville CAN"]
[Date "1982.10.03"]
[Round "4"]
[White "Spraggett, Kevin"]
[Black "Zuk, Robert"]
[Result "1-0"]
[WhiteElo "2536"]
[BlackElo "2295"]
[PlyCount "107"]
[GameId "2160767912811276"]
[EventDate "1982.10.01"]
[EventType "swiss"]
[EventRounds "5"]
[EventCountry "CAN"]
[SourceTitle "CFC 1983.01"]

1. c4 c5 2. Nf3 g6 3. d4 cxd4 4. Nxd4 Nc6 5. e4 Nf6 6. Nc3 Nxd4 7. Qxd4 d6 8. Bg5 Bg7 9. Qd2 O-O 10. Bd3 Be6 11. O-O a6 12. b3 Qa5 13. Rac1 Rfc8 14. Rfe1 Kf8 15. a4 Rab8 16. Rc2 Ng8 17. Rb1 Qb4 18. Qc1 Bxc3 19. Rxc3 b5 20. axb5 axb5 21. Bd2 bxc4 22. bxc4 Qc5 23. Rb5 Qd4 24. Qb2 Rxb5 25. cxb5 Rxc3 26. Qxc3 Qxc3 27. Bxc3 Bc8 28. e5 Bb7 29. exd6 exd6 30. f3 Ke7 31. Kf2 Kd7 32. Ke3 Ne7 33. Bb2 Nd5+ 34. Kf2 Nf4 35. Bc2 Kc7 36. Bd4 Ne6 37. Ke3 Nxd4 38. Kxd4 Bc8 39. f4 Be6 40. h3 Kb6 41. Bd3 f6 42. g4 g5 43. f5 Bf7 44. Bc4 Be8 45. Kd5 Bf7+ 46. Kxd6 Bxc4 47. Ke7 Kxb5 48. Kxf6 Kc5 49. Kxg5 Bf1 50. f6 Kd6 51. Kh6 Bc4 52. Kxh7 Bf7 53. Kg7 Ke6 54. h4 1-0

[Event "Belleville Fall op"]
[Site "Belleville CAN"]
[Date "1982.10.03"]
[Round "4"]
[White "Stone, Raymond"]
[Black "Berry, Jonathan"]
[Result "1-0"]
[WhiteElo "2324"]
[BlackElo "2243"]
[PlyCount "81"]
[GameId "2160767912811277"]
[EventDate "1982.10.01"]
[EventType "swiss"]
[EventRounds "5"]
[EventCountry "CAN"]
[SourceTitle "CFC 1982.11"]

1. d4 d6 2. c4 g6 3. Nc3 Bg7 4. e4 Nd7 5. Be3 e5 6. d5 Nh6 7. g4 f6 8. h3 Nf7 9. Nf3 O-O 10. Bd3 Nc5 11. Bc2 f5 12. gxf5 gxf5 13. exf5 e4 14. Nxe4 Bxf5 15. Nxc5 Bxc2 16. Qxc2 dxc5 17. Rg1 Qf6 18. O-O-O Rae8 19. Rg3 Nd6 20. Bxc5 Ne4 21. Bxf8 Nxg3 22. Bxg7 Qxf3 23. fxg3 Kxg7 24. Qd3 Re3 25. Qd4+ Kg8 26. c5 Re4 27. Qd3 Re3 28. Qb5 Re2 29. d6 Qe3+ 30. Kb1 Re1 31. Rxe1 Qxe1+ 32. Kc2 Qf2+ 33. Kb3 Qxg3+ 34. Ka4 cxd6 35. Qe8+ Kg7 36. Qe7+ Kg8 37. Qe8+ Kg7 38. Qe7+ Kg8 39. cxd6 Qxh3 40. d7 Qg4+ 41. Ka3 1-0

[Event "Belleville Fall op"]
[Site "Belleville CAN"]
[Date "1982.10.03"]
[Round "4"]
[White "Veltmann, Martin"]
[Black "Warren, Robert"]
[Result "1-0"]
[WhiteElo "1891"]
[BlackElo "1266"]
[PlyCount "77"]
[GameId "2160767912811278"]
[EventDate "1982.10.01"]
[EventType "swiss"]
[EventRounds "5"]
[EventCountry "CAN"]

1. e4 e6 2. d4 d5 3. Nd2 c5 4. exd5 exd5 5. Bb5+ Nc6 6. Ngf3 Qe7+ 7. Qe2 Qxe2+ 8. Kxe2 a6 9. Bxc6+ bxc6 10. Re1 cxd4 11. Kf1+ Be7 12. Nxd4 Bd7 13. N2f3 h6 14. Bf4 Kf8 15. Ne5 Ra7 16. Nexc6 Bxc6 17. Nxc6 Rd7 18. Nxe7 Nxe7 19. Rad1 g5 20. Be5 Rh7 21. c4 Ng6 22. Rxd5 Nxe5 23. Rexe5 f6 24. Re6 Rxd5 25. cxd5 Rd7 26. d6 Kf7 27. Re7+ Rxe7 28. dxe7 Kxe7 29. Ke2 Kd6 30. Kd3 Kd5 31. b4 f5 32. a4 h5 33. b5 a5 34. f3 h4 35. g3 h3 36. Ke3 Kd6 37. Kd4 g4 38. f4 Kc7 39. Ke5 1-0

[Event "Belleville Fall op"]
[Site "Belleville CAN"]
[Date "1982.10.03"]
[Round "5"]
[White "Sarkar, Prosanto"]
[Black "Allan, Denis"]
[Result "1/2-1/2"]
[WhiteElo "2169"]
[BlackElo "2270"]
[PlyCount "75"]
[GameId "2160767912811279"]
[EventDate "1982.10.01"]
[EventType "swiss"]
[EventRounds "5"]
[EventCountry "CAN"]
[SourceTitle "CFC 1982.11"]

1. e4 g6 2. d4 Bg7 3. Nc3 c6 4. f4 d5 5. e5 h5 6. Be2 Nh6 7. Nf3 Bg4 8. Nh4 e6 9. g3 Nf5 10. Nxf5 gxf5 11. Be3 Bf8 12. a3 Nd7 13. h3 Bxe2 14. Nxe2 Qb6 15. Rb1 a5 16. h4 Be7 17. Qd3 Rg8 18. Kf2 a4 19. b4 axb3 20. Rxb3 Qc7 21. c4 dxc4 22. Qxc4 Rxa3 23. Rxa3 Bxa3 24. Rb1 Be7 25. Nc3 Bd8 26. Qb3 b6 27. Rc1 Qb7 28. Qd1 Rg4 29. Qf3 b5 30. Nd1 Nb8 31. Kf1 b4 32. Nf2 Qb5+ 33. Kg2 Rg8 34. Qxh5 Qd5+ 35. Kh3 b3 36. Rc5 b2 37. Rxd5 b1=Q 38. Rc5 1/2-1/2

[Event "Belleville Fall op"]
[Site "Belleville CAN"]
[Date "1982.10.03"]
[Round "5"]
[White "Veltmann, Martin"]
[Black "Blake, Rodney"]
[Result "1-0"]
[WhiteElo "1891"]
[BlackElo "1665"]
[PlyCount "69"]
[GameId "2160767912811280"]
[EventDate "1982.10.01"]
[EventType "swiss"]
[EventRounds "5"]
[EventCountry "CAN"]

1. e4 c5 2. Nf3 d6 3. d4 cxd4 4. Nxd4 Nf6 5. Nc3 a6 6. Bc4 g6 7. Bb3 Bg7 8. f3 h5 9. Be3 Nbd7 10. Qd2 b5 11. O-O-O Ne5 12. Nd5 e6 13. Nxf6+ Bxf6 14. f4 Nc4 15. Bxc4 bxc4 16. Nc6 Qc7 17. Qxd6 Qxd6 18. Rxd6 Bb7 19. Rhd1 Rc8 20. Bd4 Bxd4 21. Nxd4 Bxe4 22. Nxe6 Ke7 23. Ng5 Bf5 24. Rxa6 Rhd8 25. Ra7+ Rd7 26. Raxd7+ Bxd7 27. Rd4 Rd8 28. Nf3 Ra8 29. a3 c3 30. Ne5 Bf5 31. Rb4 Rc8 32. Rc4 cxb2+ 33. Kxb2 Rb8+ 34. Rb4 Rc8 35. c4 1-0

[Event "CAN-ch U16"]
[Site "West Vancouver CAN"]
[Date "1982.03.??"]
[Round "?"]
[White "Johnson, Tyler"]
[Black "Bosenius, Bob"]
[Result "1-0"]
[WhiteElo "2006"]
[BlackElo "1630"]
[PlyCount "99"]
[GameId "2160767912848671"]
[EventDate "1982.03.14"]
[EventType "tourn"]
[EventRounds "9"]
[EventCountry "CAN"]
[SourceTitle "BCCR 2/4"]

1. d4 f5 2. c4 Nf6 3. Nc3 g6 4. g3 Bg7 5. Bg2 O-O 6. Nf3 d6 7. O-O Nbd7 8. Ng5 Nb8 9. d5 h6 10. Nh3 c6 11. f3 cxd5 12. cxd5 Na6 13. e4 fxe4 14. fxe4 Nc5 15. Nf4 Kh7 16. Be3 b6 17. Rc1 Bd7 18. b4 Na6 19. a3 Nc7 20. Nce2 Rc8 21. Qb3 g5 22. Nd3 e5 23. dxe6 Bxe6 24. Qa4 Rf7 25. Nd4 Ng4 26. Nxe6 Rxf1+ 27. Rxf1 Nxe6 28. Bc1 Qe7 29. Qb5 Ne5 30. Nxe5 dxe5 31. Bb2 Nc7 32. Qc4 Bf6 33. Rc1 h5 34. Qc6 g4 35. Bf1 Bg5 36. Rc3 Bd2 37. Rd3 Rd8 38. Rxd8 Qxd8 39. Bxe5 Be3+ 40. Kh1 Ne8 41. Qb7+ Kg6 42. Qd5 Qe7 43. Bf4 Bxf4 44. gxf4 Nf6 45. Qf5+ Kg7 46. Qg5+ Kf7 47. e5 Nd5 48. Bc4 Qb7 49. e6+ Kxe6 50. Qe5+ 1-0

[Event "CAN-ch U16"]
[Site "West Vancouver CAN"]
[Date "1982.03.??"]
[Round "?"]
[White "Meleg, Michael"]
[Black "Bosenius, Bob"]
[Result "1-0"]
[WhiteElo "1638"]
[BlackElo "1630"]
[PlyCount "49"]
[GameId "2160767912848672"]
[EventDate "1982.03.14"]
[EventType "tourn"]
[EventRounds "9"]
[EventCountry "CAN"]

1. f4 d5 2. e3 c5 3. b3 e6 4. Bb2 Nf6 5. Nf3 Bd6 6. Nc3 O-O 7. Bd3 h6 8. O-O b6 9. Ne2 Bb7 10. Ng3 Nbd7 11. Ne5 Be7 12. Nh5 Nxh5 13. Qxh5 Nxe5 14. fxe5 Qe8 15. Qg4 g5 16. h4 Kg7 17. Rf6 Rg8 18. Qh5 Rh8 19. hxg5 Bxf6 20. exf6+ Kf8 21. gxh6 Qc6 22. Qg5 Rg8 23. Qg7+ Rxg7 24. fxg7+ Kg8 25. h7# 1-0

[Event "CAN-ch U16"]
[Site "West Vancouver CAN"]
[Date "1982.03.??"]
[Round "?"]
[White "Thompson, Francis"]
[Black "Higgs, Greg"]
[Result "0-1"]
[WhiteElo "1561"]
[BlackElo "1522"]
[PlyCount "74"]
[GameId "2160767912848673"]
[EventDate "1982.03.14"]
[EventType "tourn"]
[EventRounds "9"]
[EventCountry "CAN"]
[SourceTitle "BCCR 2/4"]

1. e4 c5 2. Nf3 d6 3. d4 cxd4 4. Nxd4 Nf6 5. Nc3 a6 6. Bg5 e6 7. f4 Be7 8. Qf3 Qc7 9. O-O-O O-O 10. g4 b5 11. Bg2 Bb7 12. a3 Nbd7 13. Rd2 Nc5 14. Bxf6 Bxf6 15. g5 Bxd4 16. Rxd4 Rac8 17. Rd2 Rfd8 18. Rhd1 Qb6 19. f5 a5 20. fxe6 Nxe6 21. h4 Rd7 22. Nd5 Qc5 23. Qc3 Qxc3 24. Nxc3 b4 25. Nb5 Nc5 26. Nxd6 Nb3+ 27. Kb1 Nxd2+ 28. Rxd2 Rcd8 29. e5 Bxg2 30. Rxg2 Re7 31. Re2 Rxd6 32. Kc1 Rd5 33. axb4 axb4 34. c4 bxc3 35. bxc3 Rexe5 36. Rb2 Re1+ 37. Kc2 Re2+ 0-1

[Event "CAN-ch U16"]
[Site "West Vancouver CAN"]
[Date "1982.03.??"]
[Round "8"]
[White "Johnson, Tyler"]
[Black "Meleg, Michael"]
[Result "1-0"]
[WhiteElo "2006"]
[BlackElo "1638"]
[PlyCount "85"]
[GameId "2160767912848675"]
[EventDate "1982.03.14"]
[EventType "tourn"]
[EventRounds "9"]
[EventCountry "CAN"]
[SourceTitle "BCCR 2/4"]

1. d4 f5 2. Nc3 Nf6 3. Bg5 d6 4. h4 Nbd7 5. e3 c6 6. Qf3 Qa5 7. Bd3 Nd5 8. Nge2 N7f6 9. a3 g6 10. O-O-O e5 11. Nxd5 Nxd5 12. dxe5 dxe5 13. e4 fxe4 14. Bxe4 Ne7 15. Bxe7 Bxe7 16. Bxc6+ bxc6 17. Qxc6+ Kf7 18. Qxa8 Kg7 19. Qd5 Qc7 20. f4 exf4 21. Qd4+ Bf6 22. Qxf4 Be5 23. Qb4 Re8 24. h5 Kg8 25. hxg6 hxg6 26. Nd4 a5 27. Qb3+ Kg7 28. Kb1 Bg4 29. Rd3 Rb8 30. Qd5 Bf6 31. Rb3 Rd8 32. Ne6+ Bxe6 33. Qxe6 Rd6 34. Qe4 Rd7 35. Qe8 Rd8 36. Qe3 g5 37. Qe4 Rd7 38. Rh7+ Kf8 39. Rxd7 Qxd7 40. Rb8+ Bd8 41. Qd3 Qxd3 42. cxd3 Ke7 43. Rxd8 1-0

[Event "CAN-ch U20 1982-83"]
[Site "Toronto CAN"]
[Date "1982.12.26"]
[Round "1"]
[White "Bailey, Doug"]
[Black "Bolduc, Steve"]
[Result "1-0"]
[WhiteElo "2105"]
[BlackElo "2099"]
[PlyCount "65"]
[GameId "2160767912811073"]
[EventDate "1982.12.26"]
[EventType "tourn"]
[EventRounds "11"]
[EventCountry "CAN"]
[SourceTitle "CFC 1983.03"]

1. e4 c6 2. d4 d5 3. exd5 cxd5 4. Bd3 Nc6 5. c3 Qc7 6. Ne2 f6 7. O-O e5 8. dxe5 fxe5 9. c4 d4 10. Ng3 Nf6 11. Bg5 Be6 12. Nh5 Nxh5 13. Qxh5+ Qf7 14. Qxf7+ Bxf7 15. Re1 Be7 16. Bxe7 Kxe7 17. Nd2 Rae8 18. Be4 Kd6 19. b4 Kc7 20. b5 Na5 21. Rac1 b6 22. c5 Bxa2 23. cxb6+ Kxb6 24. Ra1 Bf7 25. Ra3 Nc4 26. Nxc4+ Bxc4 27. Ra6+ Kxb5 28. Rxa7 Rc8 29. Rb1+ Kc5 30. Ra5+ Kd6 31. Rb6+ Kc7 32. Rc6+ Kb8 33. Ra8+ 1-0

[Event "CAN-ch U20 1982-83"]
[Site "Toronto CAN"]
[Date "1982.12.26"]
[Round "1"]
[White "Barclay, Wayne"]
[Black "Dauvergne, Peter"]
[Result "1-0"]
[WhiteElo "2177"]
[BlackElo "1991"]
[PlyCount "79"]
[GameId "2160767912811074"]
[EventDate "1982.12.26"]
[EventType "tourn"]
[EventRounds "11"]
[EventCountry "CAN"]
[SourceTitle "FQE 05"]

1. e4 e6 2. d4 d5 3. Nc3 dxe4 4. Nxe4 Be7 5. Nf3 Nf6 6. Nxf6+ Bxf6 7. Bd3 c5 8. dxc5 Qa5+ 9. c3 Bxc3+ 10. bxc3 Qxc3+ 11. Qd2 Qxa1 12. O-O Nc6 13. Rd1 Qf6 14. Bb2 Qe7 15. Bxg7 Rg8 16. Qh6 f5 17. Bf6 Qf7 18. Bb5 Bd7 19. Qd2 Qxf6 20. Qxd7+ Kf8 21. Qxb7 Rd8 22. Rxd8+ Nxd8 23. Qxa7 Qg7 24. Qxg7+ Rxg7 25. Ne5 Rc7 26. f4 Ke7 27. Nd3 Nb7 28. c6 Nd6 29. a4 Ne4 30. Kf1 Kd6 31. Ke2 h5 32. Ke3 h4 33. Ne1 Rg7 34. Kd4 Rg4 35. Ke3 Kc5 36. c7 Nd6 37. Bd7 Rg8 38. Kd3 Kb6 39. Bxe6 Kxc7 40. Bxg8 1-0

[Event "CAN-ch U20 1982-83"]
[Site "Toronto CAN"]
[Date "1982.12.26"]
[Round "1"]
[White "Hotz, Glyn"]
[Black "Woodley, James"]
[Result "1-0"]
[WhiteElo "2044"]
[BlackElo "2078"]
[PlyCount "69"]
[GameId "2160767912811075"]
[EventDate "1982.12.26"]
[EventType "tourn"]
[EventRounds "11"]
[EventCountry "CAN"]
[SourceTitle "FQE 05"]

1. d4 Nf6 2. c4 g6 3. Nc3 Bg7 4. e4 d6 5. f4 O-O 6. e5 dxe5 7. fxe5 Ne8 8. Bf4 Nc6 9. Be3 f6 10. e6 f5 11. Nf3 Nd6 12. Be2 Na5 13. d5 Naxc4 14. Bxc4 Nxc4 15. Bd4 Nd6 16. h4 Bxd4 17. Qxd4 h5 18. Qf4 Kg7 19. Ne5 Rf6 20. O-O-O Qe8 21. Rd3 c6 22. Kb1 a5 23. Qf3 c5 24. Ne2 Bxe6 25. dxe6 Rxe6 26. Qf4 a4 27. Ng3 b5 28. Nxh5+ gxh5 29. Rg3+ Kh7 30. Qg5 Qg8 31. Qxh5+ Rh6 32. Rxg8 Rxg8 33. Qf3 Rf6 34. Nd7 Rfg6 35. Rc1 1-0

[Event "CAN-ch U20 1982-83"]
[Site "Toronto CAN"]
[Date "1982.12.26"]
[Round "1"]
[White "Moffat, Andrei"]
[Black "O'Donnell, Tom"]
[Result "0-1"]
[WhiteElo "1946"]
[BlackElo "2163"]
[PlyCount "80"]
[GameId "2160767912811077"]
[EventDate "1982.12.26"]
[EventType "tourn"]
[EventRounds "11"]
[EventCountry "CAN"]
[SourceTitle "FQE 05"]

1. e4 e5 2. Nf3 Nc6 3. Bc4 Bc5 4. c3 Nf6 5. d4 exd4 6. e5 d5 7. Be2 Ne4 8. cxd4 Bb4+ 9. Bd2 Nxd2 10. Nbxd2 O-O 11. O-O f6 12. a3 Be7 13. Bb5 Nb8 14. Qc2 fxe5 15. Nxe5 Bf5 16. Bd3 Bxd3 17. Qxd3 Nd7 18. Ndf3 c5 19. Nxd7 Qxd7 20. dxc5 Bxc5 21. Rad1 Rad8 22. b4 Bb6 23. Rfe1 Qd6 24. Rd2 Rd7 25. Rde2 Bc7 26. Re6 Qf4 27. Re7 Rxe7 28. Rxe7 Qd6 29. Re1 Rd8 30. Rd1 Bb6 31. Ng5 g6 32. Qh3 Qe7 33. Nf3 Qe2 34. Rf1 Re8 35. Qd7 Qe6 36. Qxb7 d4 37. h3 d3 38. Rd1 Qe2 39. Re1 Bxf2+ 40. Kh2 Bxe1 0-1

[Event "CAN-ch U20 1982-83"]
[Site "Toronto CAN"]
[Date "1982.12.27"]
[Round "1"]
[White "Moffat, Andrei"]
[Black "Lingo, Richard"]
[Result "1/2-1/2"]
[WhiteElo "1946"]
[BlackElo "1871"]
[PlyCount "66"]
[GameId "2160767912811078"]
[EventDate "1982.12.26"]
[EventType "tourn"]
[EventRounds "11"]
[EventCountry "CAN"]
[SourceTitle "FQE 05"]

1. e4 Nf6 2. e5 Nd5 3. Bc4 Nb6 4. Bb3 c5 5. d3 Nc6 6. Be3 e6 7. f4 d5 8. exd6 Bxd6 9. Nc3 Nd4 10. Nf3 Be7 11. O-O Nf5 12. Qd2 Nd5 13. Nxd5 exd5 14. d4 c4 15. Ba4+ Bd7 16. Bxd7+ Qxd7 17. b3 b5 18. a4 cxb3 19. cxb3 bxa4 20. Ne5 Qe6 21. Bf2 axb3 22. Qd3 O-O 23. Ra6 Nd6 24. Qxb3 Qf5 25. Bh4 Bxh4 26. Rxd6 Rad8 27. Qxd5 Rxd6 28. Qxd6 Rd8 29. Qc6 g6 30. d5 Qe4 31. d6 Qxc6 32. Nxc6 Rxd6 33. Nxa7 Bd8 1/2-1/2

[Event "CAN-ch U20 1982-83"]
[Site "Toronto CAN"]
[Date "1982.12.27"]
[Round "2"]
[White "Bolduc, Steve"]
[Black "Hotz, Glyn"]
[Result "1-0"]
[WhiteElo "2099"]
[BlackElo "2044"]
[PlyCount "100"]
[GameId "2160767912811079"]
[EventDate "1982.12.26"]
[EventType "tourn"]
[EventRounds "11"]
[EventCountry "CAN"]
[SourceTitle "FQE 05"]

1. c4 c5 2. Nf3 Nf6 3. g3 g6 4. Bg2 Bg7 5. O-O d6 6. d4 O-O 7. Nc3 Nc6 8. d5 Nb4 9. Nd2 Bf5 10. e4 Bg4 11. f3 Bd7 12. Nb3 Qc8 13. Bg5 Bh3 14. Qd2 Bxg2 15. Kxg2 Re8 16. Be3 Nd7 17. a3 Na6 18. f4 Nc7 19. Qd3 b6 20. Rae1 a6 21. Bc1 b5 22. Na5 e6 23. b3 b4 24. axb4 cxb4 25. Na4 e5 26. Bd2 Nc5 27. Nxc5 dxc5 28. Qf3 f5 29. exf5 Qxf5 30. fxe5 Qxf3+ 31. Rxf3 Rxe5 32. Rxe5 Bxe5 33. Be3 Bd6 34. Nb7 Bf8 35. Bxc5 a5 36. Rxf8+ Rxf8 37. Bxf8 Kxf8 38. Nxa5 Na6 39. Kf3 Kf7 40. Ke4 Ke7 41. Kd4 Kd6 42. c5+ Kd7 43. Kc4 Nc7 44. Nc6 Ne8 45. Nxb4 Nf6 46. Nd3 Ng4 47. h3 Ne3+ 48. Kd4 Nf5+ 49. Ke5 Nxg3 50. b4 Nf5 1-0

[Event "CAN-ch U20 1982-83"]
[Site "Toronto CAN"]
[Date "1982.12.27"]
[Round "2"]
[White "Gardner, Robert"]
[Black "Kuznecov, Alex"]
[Result "0-1"]
[WhiteElo "1916"]
[BlackElo "2164"]
[PlyCount "80"]
[GameId "2160767912811080"]
[EventDate "1982.12.26"]
[EventType "tourn"]
[EventRounds "11"]
[EventCountry "CAN"]
[SourceTitle "FQE 05"]

1. e4 c5 2. Nf3 d6 3. d4 cxd4 4. Nxd4 Nf6 5. Nc3 a6 6. Bc4 e6 7. Bb3 b5 8. f3 Be7 9. Be3 Qc7 10. Qd2 Nc6 11. O-O-O Na5 12. Kb1 Nxb3 13. cxb3 d5 14. Rc1 Qb7 15. e5 Nd7 16. f4 Nc5 17. b4 Nd7 18. a3 Nb6 19. Qf2 Nc4 20. Nc2 Nxe3 21. Qxe3 Bd7 22. g4 O-O 23. g5 Rfc8 24. h4 a5 25. Na2 Rc4 26. h5 Bc6 27. Rh2 d4 28. Qe2 Be4 29. b3 Rxc2 30. Rxc2 axb4 31. axb4 Qa7 32. Ka1 Bxc2 33. Qxc2 Bxb4 34. Rg2 Bc3+ 35. Kb1 b4 36. g6 fxg6 37. hxg6 h6 38. f5 exf5 39. Qxf5 Qa6 40. Rh2 Rf8 0-1